00238nam a22001097a 4500003000400000020002200004082001700026100001800043245003000061260002900091300000800120SGT a978-1-84543-157-0 a746.92bC06H aHOXELL, KATE  aCUSTOMISING COOL CLOTHES  aU.K. bAPPLE PUB, c2006 a127